[Event "FRA-chT4 0506"]
[Site "Bretagne"]
[Date "2006.02.05"]
[Round "5"]
[White "Galland, Antoine"]
[Black "Le Noir, Pierre"]
[Result "0-1"]
[WhiteElo "1440"]
[BlackElo "1790"]
[PlyCount "108"]
[EventDate "2005.10.16"]
[EventType "team"]
[EventRounds "7"]
[EventCountry "FRA"]
[SourceTitle "EXT 2007"]
[Source "ChessBase"]
[SourceDate "2006.11.23"]
[SourceVersion "1"]
[SourceVersionDate "2006.11.23"]
[SourceQuality "1"]

1. e4 e5 2. Nf3 Nc6 3. Bc4 Bc5 4. Nc3 Nf6 5. b3 0-0 6. 0-0 d6 7. Bb2 Bg4 8. h3 Bh5 9. g4 Bg6 10. d3 Na5 11. Nd5 Nxd5 12. exd5 Nxc4 13. dxc4 f5 14. Nd2 Qh4 15. gxf5 Qg3+ 16. Kh1 Qxh3+ 17. Kg1 Bxf5 18. Qf3 Bg4 19. Qxh3 Bxh3 20. Rfd1 Rxf2 21. Kh1 Bg2+ 22. Kh2 Bf3+ 23. Kg3 Bxd1 24. Rxd1 Raf8 25. Bc1 Be3 26. Ne4 R2f3+ 27. Kg2 Bxc1 28. Rxc1 h6 29. Ng3 g6 30. Rf1 Rxg3+ 31. Kxg3 Rxf1 32. Kg4 Kg7 33. a4 Rf4+ 34. Kg3 a5 35. c3 b6 36. b4 Rxc4 37. bxa5 Rxc3+ 38. Kf2 bxa5 39. Ke2 h5 40. Kd2 Ra3 41. Kc2 Kf6 42. Kb2 Rxa4 43. Kb3 Rd4 44. Kc3 a4 45. Kb2 Rxd5 46. Ka2 Rd3 47. Ka1 c5 48. Ka2 c4 49. Kb2 e4 50. Ka2 Rb3 51. Ka1 e3 52. Ka2 e2 53. Ka1 e1Q+ 54. Ka2 Qb1# 0-1